000 00932cam a2200253u 4500
999 _c235064
_d235064
001 5880499
003 Nust
005 20170405154756.0
008 821206m19091915enkabcf 000 0 eng
010 _a 09035018
040 _aDLC
_cCarP
_dDLC
043 _aa-ii---
_aa-ir---
050 0 0 _aG161
_b.H2 2d ser., vol. 19, etc.
051 _aDS411
_b.F942
082 _a915.4042
_bFRY
100 1 _aFryer, John,
_d-1733.
245 1 2 _aA new account of East India and Persia.
_bBeing nine years' travels, 1672-1681 /
_cby John Fryer, edited, with notes and an introduction, by William Crooke ...
260 _aLondon,
_bHakluyt society,
_c1909-15.
300 _a3 v.
_bfront. (port.) illus., plates (part fold.) maps.
_c23 cm.
651 0 _aIndia.
651 0 _aIran.
700 1 _aCrooke, William,
_d1848-1923.
906 _a0
_bcbc
_cpremunv
_du
_encip
_f19
_gy-gencatlg
942 _2ddc
_cBK